000 00319nam a2200133Ia 4500
008 230917s9999||||xx |||||||||||||| ||und||
040 _e198281
_aMAIN
041 _aEnglish
082 _a370 S77B
100 _aSurender singh
245 0 _aBeri kasbe ka alochnatmak shaikshik adhyayan
300 _av. p.
942 _cTH
999 _c86938
_d86938